5 players, 1 football club #3 - Statistics

General Stats
  • This quiz has been taken 32 times
  • The average score is 14 of 20
Answer Stats
Hint Answer % Correct
Dennis Bergkamp - Jari Litmanen - Sébastien Haller - Donny van de Beek - Georges Mikautadze Ajax
97%
Yann Sommer - Romelu Lukaku - Thiago Motta - Lúcio - Davy Klaassen Inter Milan
97%
Bixente Lizarazu - Arturo Vidal - Jean-Pierre Papin - Renato Sanches - Serge Gnabry Bayern Munich
93%
Leighton Baines - Romelu Lukaku - Wayne Rooney - Dele Alli - Djibril Sidibé Everton
93%
Dino Zoff - Arkadiusz Milik - André-Frank Zambo Anguissa - Edinson Cavani - Allan Napoli
87%
Mama Baldé - Bafétimbi Gomis - Bernard Lacombe - Michael Essien - Anthony Martial OL
87%
Fernando Muslera - Wesley Sneijder - Franck Ribéry - Radamel Falcao - Dries Martens Galatasaray
83%
Marcel Sabitzer - Dayot Upamecano - Erling Haaland - Sadio Mané - Takumi Minamino RB Salzburg
83%
Julian Draxler - Weston McKennie - Manuel Neuer - Joël Matip - Breel Embolo Schalke 04
80%
Peter Crouch - Gary Cahill - Moussa Diaby - Tyrone Mings - James Milner Aston Villa
77%
Vincent Kompany - Youri Tielemans - Lucas Biglia - Romelu Lukaku - Kasper Dolberg Anderlecht
73%
David Villa - João Cancelo - Kévin Gameiro - Juan Mata - Edinson Cavani FC Valencia
70%
Gareth Southgate - Eberechi Eze - Ian Wright - Mamadou Sakho - Marc Guéhi Crystal Palace
67%
Alexander Frei - Petr Čech - Édouard Mendy - Steve Mandanda - Eduardo Camavinga Stade Rennais
67%
Kazuyoshi Miura - Lukas Podolski - David Villa - Andrés Iniesta - Thomas Vermaelen Vissel Kobe
63%
Bebeto - Karim Benzema - N’Golo Kanté - Ahmed Hegazy - Wilfried Bony Al Ittihad
40%
Wayne Rooney - Christian Benteke - Hristo Stoitchkov - Freddy Adu - Mateusz Klich DC United
40%
Pizzi - José Fonte - Bruma - Diego Costa - Zé Luís SC Braga
33%
Mohamed Elyounoussi - Zeca - Thomas Delaney - Daniel Amartey - Dame N’Doye FC Copenhagen
23%
Karl-Heinz Rummenigge - Christian Karembeu - Enzo Crivelli - Vitorino Hilton - Sonny Anderson Servette
20%
No matching quizzes found
Score Distribution
Percent of People with Each Score
Percentile by Number Answered
Your Score History
You have not taken this quiz